000 01220cam a2200157 4500500
005 20260426014427.0
041 _afre
042 _adc
100 1 0 _aBoissonnat, Vincent
_eauthor
245 0 0 _aLa technique comme support de réseaux, le réseau comme support de politiques
260 _c2005.
500 _a7
520 _aRésuméParmi les multiples formes de réseaux qui se sont imposées en quelques années dans le champ sanitaire, l’auteur s’attache à analyser les réseaux socio-techniques, c’est-à-dire des formes de fédérations et de coopérations professionnelles articulées autour d’une technique : la mammographie de dépistage du cancer du sein. L’article montre l’émergence simultanée de deux modèles très contrastés de mise en réseau pour promouvoir l’usage de cette technique dans les campagnes de dépistage, et met en évidence les agencements organisationnels qui ont été jugés les mieux adaptés à l’institutionnalisation des politiques nationales de prévention.
786 0 _nSociologies pratiques | 11 | 2 | 2005-09-01 | p. 105-118 | 1235-9278
856 4 1 _uhttps://shs.cairn.info/revue-sociologies-pratiques-2005-2-page-105?lang=fr&redirect-ssocas=7080
999 _c2224940
_d2224940